Lebensmittel mit "V" - Statistiken

Allgemein
  • Dieses Quiz wurde 122 mal gespielt
  • Das Durchschnittsergebnis liegt bei 5 aus 18
Antwortstatistiken
Lebensmittel % Korrekt
Vanilleeis
58%
Vanillepudding
51%
Vanilleschote
48%
Vogelkirsche
43%
Vita Cola
38%
Vanillezucker
36%
Vollkornbrot
31%
Vanillekipferl
26%
Vanillesauce
26%
Vollmilch
25%
Vollkornmehl
23%
Vollkornnudeln
22%
Vollmilchschokolade
18%
Venusmuschel
14%
Vorderschinken
12%
Vollkorntoast
9%
Veltins
4%
Vinaigrette
0%
Keine übereinstimmenden Quizze gefunden
Verteilung der Resultate
Anzahl Personen mit jedem Resultat
Perzentil nach korrekt beantworteten Fragen
Ihre Resultats-Entwicklung
Sie haben dieses Quiz noch nicht gespielt